000
00278nam a2200121Ia 4500
008
190216s9999||||xx |||||||||||||| ||und||
100
_a
Bernard Miller
245
0
_a
Thermal Analysis
260
_b
John Wiley & Sons
_c
1982
300
_a
xxxiip
650
_a
Chemistry
942
_c
BK
999
_c
2440
_d
2440